|
|
|
|
| LEADER |
01600nam a2200397 a 4500 |
| 001 |
nkc20071726818 |
| 003 |
CZ PrNK |
| 005 |
20170518134603.0 |
| 007 |
ta |
| 008 |
071012s2007 xr a e p 000 0 cze |
| 015 |
|
|
|a cnb001726818
|
| 020 |
|
|
|a 978-80-7315-145-4
|q (brož.)
|
| 035 |
|
|
|a (OCoLC)190752362
|
| 040 |
|
|
|a ABA001
|b cze
|d OLA001
|
| 072 |
|
7 |
|a 376
|x Výchova a vzdělávání zvláštních skupin osob
|2 Konspekt
|9 22
|
| 072 |
|
7 |
|a 37.016
|x Učební osnovy. Vyučovací předměty. Učebnice
|2 Konspekt
|9 22
|
| 080 |
|
|
|a 376.1:617.75-051
|2 MRF
|
| 080 |
|
|
|a (07)
|2 MRF
|
| 100 |
1 |
|
|a Röderová, Petra,
|d 1977-
|7 xx0052641
|4 aut
|
| 245 |
1 |
0 |
|a Oftalmopedie :
|b texty k distančnímu vzdělávání /
|c Petra Hamadová, Lea Květoňová, Zita Nováková
|
| 260 |
|
|
|a Brno :
|b Paido,
|c 2007
|
| 300 |
|
|
|a 125 s. :
|b il. ;
|c 23 cm
|
| 504 |
|
|
|a Obsahuje bibliografie
|
| 650 |
0 |
7 |
|a oftalmopedie
|7 ph123707
|2 czenas
|
| 650 |
0 |
9 |
|a ophthalmopedia
|2 eczenas
|
| 655 |
|
7 |
|a učební texty
|7 fd133599
|2 czenas
|
| 655 |
|
9 |
|a educational texts
|2 eczenas
|
| 700 |
1 |
|
|a Květoňová, Lea,
|d 1963-
|7 mzk2002164015
|4 aut
|
| 700 |
1 |
|
|a Nováková, Zita,
|d 1973-
|7 pna2007403795
|4 aut
|
| 910 |
2 |
|
|a BOA001
|b 2-1192.961
|
| 990 |
|
|
|a BK
|
| 995 |
|
|
|a 01
|
| 991 |
|
|
|b 200710
|c NOV
|
| 996 |
6 |
|
|b 2610322346
|c 2-1192.961
|l MZK
|r Sklad / do 1 hodiny
|n 17
|p p.v.
|w 000869422
|u 000010
|a 1
|e BOA001
|j MZK50
|s P
|
| 996 |
7 |
|
|b 2610322347
|c 2-1192.961
|l Vol.výběr
|r VV 0p
|n 77
|p p.v.
|h 376 HAM
|w 000869422
|u 000020
|a 0
|e BOA001
|j MZK50
|s A
|
| 996 |
7 |
|
|b 2610707338
|c 2-1192.961
|l Vol.výběr
|r VV 0p
|n 27
|p kup
|h 376 HAM
|w 000869422
|u 000030
|a 0
|e BOA001
|j MZK50
|s A
|